000 00861cam a2200289 4500
999 _c3645
_d3645
001 1615769
003 OSt
005 20240320145114.0
008 140103t20132012enka b 000 f eng d
020 _a9780723281795
_q(hbk.) :
035 _a(OCoLC)867167213
040 _aKML
_beng
_cKML
_dNTBC
_dKH8
_eccr
041 0 _aeng
042 _anbic
082 0 _a823.914 SOU
100 1 _aSouthgate, Vera.
_eauthor
245 1 4 _aThe little red hen /
_cretold by Vera Southgate M.A., B.COM with illustrations by Melanie Florian.
250 _a[2013] edition.
260 _aLondon :
_bLadybird,
_c[2012]
300 _a42 pages :
_bcolor illustrations ;
_c20 cm.
490 1 _aLadybird tales.
650 0 _aHens
_vJuvenile fiction.
655 0 _aChildren's stories.
700 1 _aFlorian, Melanie,
_eillustrator.
830 0 _aLadybird tales.
942 _2ddc
_cFIC